Guess the NBA Player By Jersey Number, 2016-2017 - Statistics

General Stats
  • This quiz has been taken 796 times
    785 since last reset
  • The average score is 22 of 41
Answer Stats
Team Player Plays For Jersey Number Hint Best Player % Correct
GSW 35 Left OKC to go to GSW Kevin Durant
99%
GSW 11 A splash brother Klay Thompson
98%
GSW 30 the legit G.O.A.T Steph Curry
98%
CLE 23 left CLE to go to MIA LeBron James
70%
OKC 0 had to carry the thunder to the playoffs Russell Westbrook
68%
ATL 8 superman Dwight Howard
67%
CHI 3 left MIA to go to CHI Dwayne Wade
66%
CLE 2 haas handles Kyrie Irving
65%
IND 13 PG13 Paul George
65%
BOS 4 5 foot 9 Isaiah Thomas
64%
PHX 1 70 points Devin Booker
63%
MEM 33 pau gasols bro Marc Gasol
62%
SAS 16 oooolllldddd Pau Gasol
62%
LAC 6 can't hit free throws Deandre Jordan
61%
UTA 27 27th draft pick Rudy Gobert
60%
GSW 9 Andre Andre Igoudala
59%
LAC 32 drafted in 2009 Blake Griffin
58%
DAL 41 won the championship in 2012 Dirk Nowitzki
58%
TOR 7 tres Kyle Lowry
58%
TOR 10 kyle sang about this man Demar DeRozan
57%
SAS 2 hates zaza pachulia Kawhi Leonard
56%
SAS 14 splashes threes for no reason Danny Green
55%
MIL 34 long last name Giannas Antetokounmpo
55%
ATL 17 Dennis... Dennis Schroder
53%
PHI 21 VERY good Joel Embiid
53%
NYK 25 left CHI to go to NYK Derrick Rose
52%
UTA 20 best player on the jazz Gordon Hayward
48%
CLE 5 tres J.R. Smith
48%
BOS 99 has really cool hair Jae Crowder
47%
MIA 1 oooolllldddd Chris Bosh
45%
CHA 15 very underrated Kemba Walker
45%
LAL 0 mr. no look three pointer that didn't go in... whoops Nick Young
45%
GSW 1 shaqs fav JaVale McGee
43%
MEM 50 can't jump Zach Randolph
43%
MIA 21 defensive player of the year Hassan Whiteside
40%
GSW 34 likes to dunk Shaun Livingston
36%
CHA 40 starting center Cody Zeller
27%
PHX 2 injured badly last season Eric Bledsoe
26%
GSW 21 shortest player on warriors Ian Clark
20%
DAL 11 rookie Yogi Ferrell
6%
TOR 92 hes a bust Lucas Nogueria
5%
No matching quizzes found
Score Distribution
Percent of People with Each Score
Percentile by Number Answered
Your Score History
You have not taken this quiz since the last reset